Mathematique : classes de premiere C, E

Saved in:
Bibliographic Details
Main Author: Lespinard, Victor
Format: Book
Language:French
Published: Luon : Andre Desvigne, 1970
Edition:1e ed.
Series:Cours de mathematique
Subjects:
Tags: Add Tag
No Tags, Be the first to tag this record!

MARC

LEADER 00000cam a2200000 i 4500
001 1/6225
008 100330s1970 fre d
035 |l 10107438 
040 |a GR-MY-UA  |b gre  |e aacr 
041 0 |a fre 
082 0 |a 510.712   |2 (22) 
100 1 |a Lespinard, Victor. 
245 1 0 |a Mathematique :  |b classes de premiere C, E /  |c V. Lespinard 
250 |a 1e ed. 
260 |a Luon :   |b Andre Desvigne,   |c 1970 
300 |a 326 σ.;  |b διαγρ.;  |c 24 εκ. 
490 1 |a (Cours de mathematique) 
500 |a Programme 1970 
650 0 0 |a Mathematics  |x Study and teaching (Secondary) 
830 0 |a Cours de mathematique 
852 |a INST  |b SAMOS  |c MAG  |e 20100330  |h 510.712 LES  |p 005300032110  |q 005300032110  |t BK  |v τ.2:  |y 0  |z τ.2 
853 |a INST  |b SAMOS  |c MAG  |h 510.712 LES 
901 |a BIBL3-2010-1 
909 |a Σ  |b 162100 
970 |a ΣΙΤΖΙΜΗ  |b ΓΙΑΣΕΜΗ  |z 2010/03/30